Famous KPop Idol Siblings Quiz Stats

 Plays Quiz not verified by Sporcle

Challenge
Share
Tweet
Embed
Score 0/10 Timer 02:00
0 Plays Today
Hint Siblings % Correct
f(x) & SNSDJessica & Krystal
90.5%
MBLAQ & 2NE1Thunder & Sandara
87.3%
Both in BoyfriendKwangmin & Youngmin
65.7%
Former T-ARA & 5DollsHwayoung & Hyoyoung
33.5%
SS501 & former UKISSHyung Jun & Kibum
21.2%
Coed School & Block BTaewo & Zico
17.6%
D-Unit & T-ARABoram & Wooram
17.2%
MBLAQ & actressMir & Go Eun Ah
16.1%
JYJ & actorYoochun &Yoohwan
15.2%
Are the Tasty duoLil D & Big D
13.4%

You're not logged in!

Compare scores with friends on all Sporcle quizzes.
OR
Log In

You Might Also Like...

Show Comments

Extras

Top Quizzes Today


Score Distribution

Your Account Isn't Verified!

In order to create a playlist on Sporcle, you need to verify the email address you used during registration. Go to your Sporcle Settings to finish the process.

Report this User

Report this user for behavior that violates our Community Guidelines.

Details: